000 01180nam a22003977a 4500
001 BR8304952
003 BR-BrBNA
005 20230928091744.0
007 ta
008 230509b bl.||||| |||| 00| 0 por d
040 _aBR-BrBNA
_bpor
_cBiblioteca Nacional de Agricultura
041 _a(Eng)
072 _aE10; E15
_b/G514
090 _ E10 BR8304952
110 1 _aJICA, Tokyo (Japan)
_96647
245 1 _aThe first progress report for the study related to the regional development plan of the great Carajas program of the Federative Republic of Brazil. v. 3 Agricultural products part 2 [produto agricola, planejamento economico, Para, Brasil]
260 3 _aTokyo (Japan):
_c1983.
300 _a800 p.
500 _a60 tables; 30 graphs
650 _aETANOL
650 _aINDUSTRIA AGRICOLA
650 _aALGODAO
650 _aINDUSTRIA FLORESTAL
650 _aCARNE
650 _aBOVINO
650 _aFRUTA TROPICAL
650 _aCUSTO DE PRODUCAO
650 _aCONSUMO
650 _aEXPORTACAO
650 _aCOMERCIALIZACAO
650 _aPRECO
650 _aCARAJAS
650 _aPARA
909 _a202309
_bLucia
_c55
_dLucia Elande
942 _cBK
999 _c35350
_d35350